Sexburg
Salvato in:
| Autore principale: | |
|---|---|
| Natura: | testo |
| Pubblicazione: |
Salzburg:
Sexualberatungsstelle
|
| Soggetti: | |
| Tags: |
Aggiungi Tag
Nessun Tag, puoi essere il primo ad aggiungerne!!
|
MARC
| LEADER | 00000 a a2200000 04500 | ||
|---|---|---|---|
| 001 | 33159 | ||
| 003 | |||
| 040 | |||
| 090 | |a 1001 S518s | ||
| 100 | |a Bericht, Ein | ||
| 245 | |a Sexburg | ||
| 260 | |a Salzburg: |b Sexualberatungsstelle | ||
| 300 | |a 250 p. | ||
| 650 | |a TRAUMA EMOCIONAL | ||
| 650 | |a GENOCIDIO | ||
| 650 | |a POBLACION INDIGENA | ||
| 650 | |a LENGUAS AMERINDIAS | ||
| 650 | |a IMPERIALISMO | ||
| 650 | |a PSICOANALISIS | ||
| 650 | |a HISTORIA | ||
| 650 | |a AMERICA | ||
| 999 | |c 5041 |d 5041 | ||
